Bilād al-Nūbah

محفوظ في:

المؤلف الرئيسي: مصطفى عامر/ عبدالمنعم أبو بكر.

مؤلفون آخرون: زكى سعيد/عثمان رفقى.

التنسيق: كتاب

اللغة: Undetermined

منشور في: Cairo : Ministry of Culture and National Guidance,, 1962.

الموضوعات:

الوسوم: إضافة وسم

لا توجد وسوم, كن أول من يضع وسما على هذه التسجيلة!

رقم الطلب: DT135 .N8 B33

LEADER 00541nam a2200157Ia 4500
008 240329s9999||||xx |||||||||||||| ||und||
050 4 |a DT135 .N8 B33 
100 1 |a مصطفى عامر/ عبدالمنعم أبو بكر. 
245 1 0 |a Bilād al-Nūbah  |c مصطفى عامر/ عبدالمنعم أبو بكر 
264 1 |a Cairo :  |b Ministry of Culture and National Guidance,,  |c 1962. 
300 |a 254  |c 23 CM 
650 |a Nubia Antiquities 
650 |a Nubia History 
700 1 |a زكى سعيد/عثمان رفقى. 
942 |2 lcc  |c BK 
999 |c 57658  |d 57658